Chương trình lý luận sơ cấp: Lịch sử Đảng Cộng Sản Việt Nam
保存先:
| 団体著者: | |
|---|---|
| フォーマット: | 図書 |
| 言語: | Undetermined |
| 出版事項: |
H.
CTQG
2002
|
| 主題: | |
| タグ: |
タグ追加
タグなし, このレコードへの初めてのタグを付けませんか!
|
| Thư viện lưu trữ: | Trung tâm Học liệu Trường Đại học Cần Thơ |
|---|
| LEADER | 00636nam a2200217Ia 4500 | ||
|---|---|---|---|
| 001 | CTU_58401 | ||
| 008 | 210402s9999 xx 000 0 und d | ||
| 020 | |b 9500 | ||
| 020 | |c 9500 | ||
| 082 | |a 324.2597075 | ||
| 082 | |b B105 | ||
| 110 | |a Ban Tư tưởng - Văn hóa TW | ||
| 245 | 0 | |a Chương trình lý luận sơ cấp: Lịch sử Đảng Cộng Sản Việt Nam | |
| 245 | 0 | |c Ban Tư tưởng - Văn hóa TW | |
| 260 | |a H. | ||
| 260 | |b CTQG | ||
| 260 | |c 2002 | ||
| 650 | |a communist parties | ||
| 650 | |z vietnam | ||
| 904 | |i Minh | ||
| 980 | |a Trung tâm Học liệu Trường Đại học Cần Thơ | ||